| 000 | 00347nam a22001217a 4500 | ||
|---|---|---|---|
| 020 | _a9788131516577 | ||
| 082 |
_a346.048 _bBOU/IN |
||
| 100 |
_aBouchoux, Deborah E _933 |
||
| 245 | _aIntellectual property: the law of trademarks, copyrights, patents, and trade secrets | ||
| 250 | _a3rd | ||
| 260 |
_aNew Delhi _bCengage Learning _c2012 |
||
| 942 | _cBK | ||
| 999 |
_c14083 _d14083 |
||